000 00926cab a22002055a 4500
001 L146718
008 090219s2009 xxko f 000 0 eng d
035 _a(Sirsi) u146718
041 0 _aeng
100 1 _aHardy, Dennis
245 0 0 _aMore homes, better houses, prettier streets
260 _c2009
490 _aTown & Country Planning
_v78(1) January 2009, 22-26(5)
520 _aArticle makes use of the Hansard record of Parliamentary debate to explore the reactions of politicians to the first planning act in the UK - the Housing, Town Planning, etc. Act 1909. Discusses areas where politicians agreed, matters such as valuation and ownership which were understandably more contentious and how this Act aided the development of future planning legislation.
590 _aKA
650 2 4 _aHOUSING TOWN PLANNING ETC ACT 1909
651 4 _aUnited Kingdom
_y
690 _aPlanning and development
_96259
942 _n0
999 _c81263
_d81263